<?xml version="1.0" encoding="UTF-8"?>
<record
    xmlns:xsi="http://www.w3.org/2001/XMLSchema-instance"
    xsi:schemaLocation="http://www.loc.gov/MARC21/slim http://www.loc.gov/standards/marcxml/schema/MARC21slim.xsd"
    xmlns="http://www.loc.gov/MARC21/slim">

  <leader>02906nam a22003737a 4500</leader>
  <controlfield tag="005">20240517080405.0</controlfield>
  <controlfield tag="008">240514b        mx ||||| |||| 00| 0 spa d</controlfield>
  <datafield tag="050" ind1="0" ind2="4">
    <subfield code="a">R723</subfield>
    <subfield code="b">D57 2014</subfield>
  </datafield>
  <datafield tag="245" ind1="0" ind2="0">
    <subfield code="a">Diplomado de investigaci&#xF3;n y docencia en medicina human&#xED;stica</subfield>
    <subfield code="c"> </subfield>
    <subfield code="h">[videograbaciones]</subfield>
  </datafield>
  <datafield tag="260" ind1=" " ind2=" ">
    <subfield code="a">Morelia Michoac&#xE1;n, M&#xE9;xico :</subfield>
    <subfield code="b">Universidad Michoacana de San Nicol&#xE1;s de Hidalgo, Facultad de Ciencias M&#xE9;dicas y Biol&#xF3;gicas,</subfield>
    <subfield code="c">2014</subfield>
  </datafield>
  <datafield tag="300" ind1=" " ind2=" ">
    <subfield code="a">Videodisco ;</subfield>
    <subfield code="c">4 3/4 plg.</subfield>
  </datafield>
  <datafield tag="505" ind1=" " ind2=" ">
    <subfield code="t">V.1 Salud emocional en contextos de integridad migratoria </subfield>
    <subfield code="r"> / Dr. Ariel Mojica Madrigal --</subfield>
    <subfield code="t">V.2 Conferencia magistral "&#xE9;tica y bio&#xE9;tica"</subfield>
    <subfield code="r"> / Dr. Ruy P&#xE9;rez Tamayo, Dr. Fernando Mart&#xED;nez Cort&#xE9;s, Dr. Arturo Rivera Garc&#xED;a --</subfield>
    <subfield code="t">V.3 Reflexiones al texto del fil&#xF3;sofo y pedagogo Pablo Latap&#xED; "&#xBF;Medicina, crisis profesional o crisis humana?" </subfield>
    <subfield code="r"> / Dr. Fernando Mart&#xED;nez Cort&#xE9;s, panel de discusi&#xF3;n, comentarios y opiniones Dr. Ren&#xE9; Andrade, Abel Flores, Miguel Gordillo, Julio Mej&#xED;a y Arturo Rivera Garc&#xED;a ; coordinador Dr. Camerino Moreno -- </subfield>
    <subfield code="t">V.4 La medicina de la persona o medicina human&#xED;stica mesa redonda</subfield>
    <subfield code="r"> / Dra. Adriana Mej&#xED;a, Dr, Mario Alberto Cort&#xE9;s, Dr. Juan Carlos de la Cruz Castillo, Dr. Miguel Gordillo Ayala -- </subfield>
    <subfield code="t">V.5 1a. parte La filosof&#xED;a y la historia de la medicina en la ense&#xF1;anza de la medicina de la persona, 2a. parte Panel de discusi&#xF3;n, comentarios y opiniones  </subfield>
    <subfield code="r"> / Dr. Fernando Mart&#xED;nez Cort&#xE9;s, coordinador Dr. Abel Flores --</subfield>
    <subfield code="t">V.6 El concepto filos&#xF3;fico de la persona y las neurociencias y La colmena de Cajal y la conciencia de  la persona </subfield>
    <subfield code="r"> / Dr. Fernando Mart&#xED;nez Cort&#xE9;s, Dr. Jos&#xE9; Luis D&#xED;az</subfield>
  </datafield>
  <datafield tag="518" ind1=" " ind2=" ">
    <subfield code="a">Museo de Historia y Filosof&#xED;a de la Medicina, perteneciente al Departamento de Historia y Filosof&#xED;a de la Medicina, Facultad de Ciencias M&#xE9;dicas y Biol&#xF3;gicas "Dr. Ignacio Ch&#xE1;vez" de la Universidad Michoacana de San Nicol&#xE1;s de Hidalgo, Morelia Michoac&#xE1;n</subfield>
    <subfield code="d">A&#xF1;o 2024</subfield>
  </datafield>
  <datafield tag="521" ind1=" " ind2=" ">
    <subfield code="a">M&#xE9;dicos </subfield>
  </datafield>
  <datafield tag="538" ind1=" " ind2=" ">
    <subfield code="a">DVD</subfield>
  </datafield>
  <datafield tag="546" ind1=" " ind2=" ">
    <subfield code="a">Espa&#xF1;ol</subfield>
  </datafield>
  <datafield tag="650" ind1=" " ind2="7">
    <subfield code="2">lemb</subfield>
    <subfield code="a">Filosof&#xED;a m&#xE9;dica</subfield>
    <subfield code="x">Conferencias</subfield>
  </datafield>
  <datafield tag="650" ind1=" " ind2="7">
    <subfield code="2">lemb</subfield>
    <subfield code="a">&#xC9;tica m&#xE9;dica</subfield>
    <subfield code="x">Conferencias</subfield>
  </datafield>
  <datafield tag="650" ind1=" " ind2="7">
    <subfield code="2">lemb</subfield>
    <subfield code="a">Medicina y humanidades</subfield>
    <subfield code="x">Conferencias</subfield>
  </datafield>
  <datafield tag="700" ind1="1" ind2=" ">
    <subfield code="a">Mojica Madrigal, Ariel</subfield>
    <subfield code="e">Ponente</subfield>
  </datafield>
  <datafield tag="700" ind1="1" ind2=" ">
    <subfield code="a">P&#xE9;rez Tamayo, Ruy</subfield>
    <subfield code="d">1924-2022</subfield>
    <subfield code="e">Ponente</subfield>
  </datafield>
  <datafield tag="700" ind1="1" ind2=" ">
    <subfield code="a">Mart&#xED;nez Cort&#xE9;s, Fernando</subfield>
    <subfield code="d">1922-2022</subfield>
    <subfield code="e">Ponente</subfield>
  </datafield>
  <datafield tag="700" ind1="1" ind2=" ">
    <subfield code="a">Rivera Garc&#xED;a, Arturo</subfield>
    <subfield code="d">1956-</subfield>
    <subfield code="e">Ponente y coordinador</subfield>
  </datafield>
  <datafield tag="700" ind1="1" ind2=" ">
    <subfield code="a">Andrade Ch&#xE1;vez, V&#xED;ctor Ren&#xE9;</subfield>
    <subfield code="e">Ponente</subfield>
  </datafield>
  <datafield tag="700" ind1="1" ind2=" ">
    <subfield code="a">Flores,  Abel</subfield>
    <subfield code="e">Ponente y coordinador</subfield>
  </datafield>
  <datafield tag="700" ind1="1" ind2=" ">
    <subfield code="a">Gordillo Ayala, Miguel</subfield>
    <subfield code="e">Ponente</subfield>
  </datafield>
  <datafield tag="700" ind1="1" ind2=" ">
    <subfield code="a">Mej&#xED;a Estrada, Julio</subfield>
    <subfield code="e">Ponente</subfield>
  </datafield>
  <datafield tag="700" ind1="1" ind2=" ">
    <subfield code="a">Moreno Ortega, Camerino Enrique</subfield>
    <subfield code="e">Coordinador</subfield>
  </datafield>
  <datafield tag="700" ind1="1" ind2=" ">
    <subfield code="a">Mej&#xED;a Estrada, Adriana</subfield>
    <subfield code="e">Ponente y coordinadora</subfield>
  </datafield>
  <datafield tag="700" ind1="1" ind2=" ">
    <subfield code="a">Cort&#xE9;s Rodr&#xED;guez, Mario Alberto</subfield>
    <subfield code="e">Ponente</subfield>
  </datafield>
  <datafield tag="700" ind1="1" ind2=" ">
    <subfield code="a">Cruz, Castillo, Juan Carlos de la</subfield>
    <subfield code="e">Ponente</subfield>
  </datafield>
  <datafield tag="700" ind1="1" ind2=" ">
    <subfield code="a">D&#xED;az G&#xF3;mez, Jos&#xE9; Luis</subfield>
    <subfield code="d">1943-</subfield>
    <subfield code="e">Ponente</subfield>
  </datafield>
  <datafield tag="942" ind1=" " ind2=" ">
    <subfield code="2">lcc</subfield>
    <subfield code="c">DIC</subfield>
  </datafield>
  <datafield tag="999" ind1=" " ind2=" ">
    <subfield code="c">170242</subfield>
    <subfield code="d">170240</subfield>
  </datafield>
  <datafield tag="952" ind1=" " ind2=" ">
    <subfield code="0">0</subfield>
    <subfield code="1">0</subfield>
    <subfield code="2">lcc</subfield>
    <subfield code="4">0</subfield>
    <subfield code="7">0</subfield>
    <subfield code="a">INV-033</subfield>
    <subfield code="b">INV-033</subfield>
    <subfield code="c">MA</subfield>
    <subfield code="d">2024-05-16</subfield>
    <subfield code="h">V.1</subfield>
    <subfield code="l">0</subfield>
    <subfield code="o">R723 D57 2014</subfield>
    <subfield code="p">IIH000036425</subfield>
    <subfield code="r">2024-05-16 15:04:21</subfield>
    <subfield code="t">1</subfield>
    <subfield code="v">1.00</subfield>
    <subfield code="w">2024-05-16</subfield>
    <subfield code="y">DIC</subfield>
  </datafield>
  <datafield tag="952" ind1=" " ind2=" ">
    <subfield code="0">0</subfield>
    <subfield code="1">0</subfield>
    <subfield code="2">lcc</subfield>
    <subfield code="4">0</subfield>
    <subfield code="7">0</subfield>
    <subfield code="a">INV-033</subfield>
    <subfield code="b">INV-033</subfield>
    <subfield code="c">MA</subfield>
    <subfield code="d">2024-05-16</subfield>
    <subfield code="h">V.1</subfield>
    <subfield code="l">0</subfield>
    <subfield code="o">R723 D57 2014</subfield>
    <subfield code="p">IIH000036426</subfield>
    <subfield code="r">2024-05-16 15:04:21</subfield>
    <subfield code="t">2</subfield>
    <subfield code="v">1.00</subfield>
    <subfield code="w">2024-05-16</subfield>
    <subfield code="y">DIC</subfield>
  </datafield>
  <datafield tag="952" ind1=" " ind2=" ">
    <subfield code="0">0</subfield>
    <subfield code="1">0</subfield>
    <subfield code="2">lcc</subfield>
    <subfield code="4">0</subfield>
    <subfield code="7">0</subfield>
    <subfield code="a">INV-033</subfield>
    <subfield code="b">INV-033</subfield>
    <subfield code="c">MA</subfield>
    <subfield code="d">2024-05-16</subfield>
    <subfield code="h">V.1</subfield>
    <subfield code="l">0</subfield>
    <subfield code="o">R723 D57 2014</subfield>
    <subfield code="p">IIH000036427</subfield>
    <subfield code="r">2024-05-16 15:04:21</subfield>
    <subfield code="t">3</subfield>
    <subfield code="v">1.00</subfield>
    <subfield code="w">2024-05-16</subfield>
    <subfield code="y">DIC</subfield>
  </datafield>
  <datafield tag="952" ind1=" " ind2=" ">
    <subfield code="0">0</subfield>
    <subfield code="1">0</subfield>
    <subfield code="2">lcc</subfield>
    <subfield code="4">0</subfield>
    <subfield code="7">0</subfield>
    <subfield code="a">INV-033</subfield>
    <subfield code="b">INV-033</subfield>
    <subfield code="c">MA</subfield>
    <subfield code="d">2024-05-16</subfield>
    <subfield code="h">V.2</subfield>
    <subfield code="l">0</subfield>
    <subfield code="o">R723 D57 2014</subfield>
    <subfield code="p">IIH000036428</subfield>
    <subfield code="r">2024-05-16 15:04:21</subfield>
    <subfield code="t">1</subfield>
    <subfield code="v">1.00</subfield>
    <subfield code="w">2024-05-16</subfield>
    <subfield code="y">DIC</subfield>
  </datafield>
  <datafield tag="952" ind1=" " ind2=" ">
    <subfield code="0">0</subfield>
    <subfield code="1">0</subfield>
    <subfield code="2">lcc</subfield>
    <subfield code="4">0</subfield>
    <subfield code="7">0</subfield>
    <subfield code="a">INV-033</subfield>
    <subfield code="b">INV-033</subfield>
    <subfield code="c">MA</subfield>
    <subfield code="d">2024-05-16</subfield>
    <subfield code="h">V.2</subfield>
    <subfield code="l">0</subfield>
    <subfield code="o">R723 D57 2014</subfield>
    <subfield code="p">IIH000036429</subfield>
    <subfield code="r">2024-05-16 15:04:21</subfield>
    <subfield code="t">2</subfield>
    <subfield code="v">1.00</subfield>
    <subfield code="w">2024-05-16</subfield>
    <subfield code="y">DIC</subfield>
  </datafield>
  <datafield tag="952" ind1=" " ind2=" ">
    <subfield code="0">0</subfield>
    <subfield code="1">0</subfield>
    <subfield code="2">lcc</subfield>
    <subfield code="4">0</subfield>
    <subfield code="7">0</subfield>
    <subfield code="a">INV-033</subfield>
    <subfield code="b">INV-033</subfield>
    <subfield code="c">MA</subfield>
    <subfield code="d">2024-05-16</subfield>
    <subfield code="h">V.2</subfield>
    <subfield code="l">0</subfield>
    <subfield code="o">R723 D57 2014</subfield>
    <subfield code="p">IIH000036430</subfield>
    <subfield code="r">2024-05-16 15:04:21</subfield>
    <subfield code="t">3</subfield>
    <subfield code="v">1.00</subfield>
    <subfield code="w">2024-05-16</subfield>
    <subfield code="y">DIC</subfield>
  </datafield>
  <datafield tag="952" ind1=" " ind2=" ">
    <subfield code="0">0</subfield>
    <subfield code="1">0</subfield>
    <subfield code="2">lcc</subfield>
    <subfield code="4">0</subfield>
    <subfield code="7">0</subfield>
    <subfield code="a">INV-033</subfield>
    <subfield code="b">INV-033</subfield>
    <subfield code="c">MA</subfield>
    <subfield code="d">2024-05-16</subfield>
    <subfield code="h">V.3</subfield>
    <subfield code="l">0</subfield>
    <subfield code="o">R723 D57 2014</subfield>
    <subfield code="p">IIH000036431</subfield>
    <subfield code="r">2024-05-16 15:04:21</subfield>
    <subfield code="t">1</subfield>
    <subfield code="v">1.00</subfield>
    <subfield code="w">2024-05-16</subfield>
    <subfield code="y">DIC</subfield>
  </datafield>
  <datafield tag="952" ind1=" " ind2=" ">
    <subfield code="0">0</subfield>
    <subfield code="1">0</subfield>
    <subfield code="2">lcc</subfield>
    <subfield code="4">0</subfield>
    <subfield code="7">0</subfield>
    <subfield code="a">INV-033</subfield>
    <subfield code="b">INV-033</subfield>
    <subfield code="c">MA</subfield>
    <subfield code="d">2024-05-16</subfield>
    <subfield code="h">V.4</subfield>
    <subfield code="l">0</subfield>
    <subfield code="o">R723 D57 2014</subfield>
    <subfield code="p">IIH000036432</subfield>
    <subfield code="r">2024-05-16 15:04:21</subfield>
    <subfield code="t">1</subfield>
    <subfield code="v">1.00</subfield>
    <subfield code="w">2024-05-16</subfield>
    <subfield code="y">DIC</subfield>
  </datafield>
  <datafield tag="952" ind1=" " ind2=" ">
    <subfield code="0">0</subfield>
    <subfield code="1">0</subfield>
    <subfield code="2">lcc</subfield>
    <subfield code="4">0</subfield>
    <subfield code="7">0</subfield>
    <subfield code="a">INV-033</subfield>
    <subfield code="b">INV-033</subfield>
    <subfield code="c">MA</subfield>
    <subfield code="d">2024-05-16</subfield>
    <subfield code="h">V.4</subfield>
    <subfield code="l">0</subfield>
    <subfield code="o">R723 D57 2014</subfield>
    <subfield code="p">IIH000036433</subfield>
    <subfield code="r">2024-05-16 15:04:21</subfield>
    <subfield code="t">2</subfield>
    <subfield code="v">1.00</subfield>
    <subfield code="w">2024-05-16</subfield>
    <subfield code="y">DIC</subfield>
  </datafield>
  <datafield tag="952" ind1=" " ind2=" ">
    <subfield code="0">0</subfield>
    <subfield code="1">0</subfield>
    <subfield code="2">lcc</subfield>
    <subfield code="4">0</subfield>
    <subfield code="7">0</subfield>
    <subfield code="a">INV-033</subfield>
    <subfield code="b">INV-033</subfield>
    <subfield code="c">MA</subfield>
    <subfield code="d">2024-05-16</subfield>
    <subfield code="h">V.4</subfield>
    <subfield code="l">0</subfield>
    <subfield code="o">R723 D57 2014</subfield>
    <subfield code="p">IIH000036434</subfield>
    <subfield code="r">2024-05-16 15:04:21</subfield>
    <subfield code="t">3</subfield>
    <subfield code="v">1.00</subfield>
    <subfield code="w">2024-05-16</subfield>
    <subfield code="y">DIC</subfield>
  </datafield>
  <datafield tag="952" ind1=" " ind2=" ">
    <subfield code="0">0</subfield>
    <subfield code="1">0</subfield>
    <subfield code="2">lcc</subfield>
    <subfield code="4">0</subfield>
    <subfield code="7">0</subfield>
    <subfield code="a">INV-033</subfield>
    <subfield code="b">INV-033</subfield>
    <subfield code="c">MA</subfield>
    <subfield code="d">2024-05-16</subfield>
    <subfield code="h">V.5</subfield>
    <subfield code="l">0</subfield>
    <subfield code="o">R723 D57 2014</subfield>
    <subfield code="p">IIH000036435</subfield>
    <subfield code="r">2024-05-16 15:04:21</subfield>
    <subfield code="t">1</subfield>
    <subfield code="v">1.00</subfield>
    <subfield code="w">2024-05-16</subfield>
    <subfield code="y">DIC</subfield>
  </datafield>
  <datafield tag="952" ind1=" " ind2=" ">
    <subfield code="0">0</subfield>
    <subfield code="1">0</subfield>
    <subfield code="2">lcc</subfield>
    <subfield code="4">0</subfield>
    <subfield code="7">0</subfield>
    <subfield code="a">INV-033</subfield>
    <subfield code="b">INV-033</subfield>
    <subfield code="c">MA</subfield>
    <subfield code="d">2024-05-16</subfield>
    <subfield code="h">V.5</subfield>
    <subfield code="l">0</subfield>
    <subfield code="o">R723 D57 2014</subfield>
    <subfield code="p">IIH000036436</subfield>
    <subfield code="r">2024-05-16 15:04:21</subfield>
    <subfield code="t">2</subfield>
    <subfield code="v">1.00</subfield>
    <subfield code="w">2024-05-16</subfield>
    <subfield code="y">DIC</subfield>
  </datafield>
  <datafield tag="952" ind1=" " ind2=" ">
    <subfield code="0">0</subfield>
    <subfield code="1">0</subfield>
    <subfield code="2">lcc</subfield>
    <subfield code="4">0</subfield>
    <subfield code="7">0</subfield>
    <subfield code="a">INV-033</subfield>
    <subfield code="b">INV-033</subfield>
    <subfield code="c">MA</subfield>
    <subfield code="d">2024-05-16</subfield>
    <subfield code="h">V.5</subfield>
    <subfield code="l">0</subfield>
    <subfield code="o">R723 D57 2014</subfield>
    <subfield code="p">IIH000036437</subfield>
    <subfield code="r">2024-05-16 15:04:21</subfield>
    <subfield code="t">3</subfield>
    <subfield code="v">1.00</subfield>
    <subfield code="w">2024-05-16</subfield>
    <subfield code="y">DIC</subfield>
  </datafield>
  <datafield tag="952" ind1=" " ind2=" ">
    <subfield code="0">0</subfield>
    <subfield code="1">0</subfield>
    <subfield code="2">lcc</subfield>
    <subfield code="4">0</subfield>
    <subfield code="7">0</subfield>
    <subfield code="a">INV-033</subfield>
    <subfield code="b">INV-033</subfield>
    <subfield code="c">MA</subfield>
    <subfield code="d">2024-05-16</subfield>
    <subfield code="h">V.6</subfield>
    <subfield code="l">0</subfield>
    <subfield code="o">R723 D57 2014</subfield>
    <subfield code="p">IIH000036438</subfield>
    <subfield code="r">2024-05-16 15:04:21</subfield>
    <subfield code="t">1</subfield>
    <subfield code="v">1.00</subfield>
    <subfield code="w">2024-05-16</subfield>
    <subfield code="y">DIC</subfield>
  </datafield>
</record>
